[Event "Quart de Poblet op 6th"]
[Site "Quart de Poblet"]
[Date "2018.08.30"]
[Round "4"]
[White "Morello Ostos, Domingo"]
[Black "Castella Garcia, Fausto"]
[Result "0-1"]
[WhiteElo "1900"]
[BlackElo "2344"]
[PlyCount "110"]
[EventDate "2018.08.27"]
[EventType "swiss"]
[EventRounds "9"]
[EventCountry "ESP"]
[SourceTitle "EXT 2024"]
[Source "ChessBase"]
[SourceDate "2023.10.10"]
[SourceVersion "1"]
[SourceVersionDate "2023.10.10"]
[SourceQuality "1"]

1. e4 c5 2. Nf3 Nc6 3. d4 cxd4 4. Nxd4 g6 5. Nc3 Bg7 6. Be3 Nf6 7. Bc4 0-0 8. Bb3 d6 9. f3 Bd7 10. Qd2 Qa5 11. 0-0-0 Rfc8 12. g4 Ne5 13. h4 b5 14. h5 Nc4 15. Bxc4 bxc4 16. Bh6 Bh8 17. Rhe1 Rab8 18. Nd5 Qxd2+ 19. Rxd2 Nxd5 20. exd5 Bf6 21. c3 Rc5 22. Ne2 gxh5 23. gxh5 Kh8 24. Rg1 Bf5 25. Bg5 Ra5 26. Bxf6+ exf6 27. Nd4 Bd3 28. b4 Rxd5 29. Nc6 Ra8 30. h6 Rh5 31. a4 Rxh6 32. b5 Rh5 33. Rdg2 Bg6 34. Rd1 Rf5 35. Rxd6 Rxf3 36. Kb2 Rf1 37. Ka2 Re8 38. Rd8 Rxd8 39. Nxd8 Rc1 40. Nc6 a6 41. Rxg6 axb5 42. Rg3 bxa4 43. Kb2 Rh1 44. Rg4 h5 45. Rxc4 h4 46. Rxa4 h3 47. Nd8 Kg7 48. Rg4+ Kf8 49. c4 Rd1 50. Nxf7 h2 51. Rh4 h1Q 52. Rxh1 Rxh1 53. Nd6 Ke7 54. c5 Rh5 55. Nb7 Kd7 0-1

[Event "Valencia Region-ch"]
[Site "Valencia"]
[Date "2016.11.19"]
[Round "7"]
[White "Albuixec Sanz, Jorge"]
[Black "Morello Ostos, Domingo"]
[Result "0-1"]
[WhiteElo "1810"]
[BlackElo "1959"]
[PlyCount "34"]
[EventDate "2016.10.01"]
[EventType "swiss"]
[EventRounds "7"]
[EventCountry "ESP"]
[SourceTitle "EXT 2024"]
[Source "ChessBase"]
[SourceDate "2023.10.10"]
[SourceVersion "1"]
[SourceVersionDate "2023.10.10"]
[SourceQuality "1"]

1. e4 g6 2. d4 Bg7 3. Nf3 a6 4. a4 d6 5. Bd3 b6 6. 0-0 Nd7 7. e5 Bb7 8. e6 fxe6 9. Ng5 Nf8 10. Qe2 Bxd4 11. Re1 Bg7 12. Nc3 Qd7 13. Nce4 d5 14. Qf3 Nf6 15. Nc3 c5 16. Bf4 c4 17. Bf1 h6 0-1

[Event "Mislata op 50th"]
[Site "Mislata"]
[Date "2016.08.11"]
[Round "5"]
[White "Morello Ostos, Domingo"]
[Black "Marin Corresa, Arturo"]
[Result "0-1"]
[WhiteElo "1956"]
[BlackElo "2126"]
[PlyCount "82"]
[EventDate "2016.08.08"]
[EventType "swiss"]
[EventRounds "9"]
[EventCountry "ESP"]
[SourceTitle "EXT 2017"]
[Source "ChessBase"]
[SourceDate "2016.10.25"]
[SourceVersion "1"]
[SourceVersionDate "2016.10.25"]
[SourceQuality "1"]

1. Nf3 g6 2. g3 Bg7 3. Bg2 f5 4. d3 c6 5. e4 d6 6. 0-0 Nh6 7. exf5 Nxf5 8. Re1 0-0 9. c3 e5 10. Qb3+ Kh8 11. Bg5 Qc7 12. Na3 Na6 13. Rad1 d5 14. Re2 Nc5 15. Qc2 Nxd3 16. g4 Nh6 17. Qxd3 e4 18. Qd2 Nxg4 19. h3 exf3 20. hxg4 fxe2 21. Qxe2 Qe5 22. Qxe5 Bxe5 23. Re1 Bd6 24. Bh6 Bxg4 25. Bxf8 Rxf8 26. Nc2 Bc5 27. Ne3 Re8 28. Nc2 Re2 29. Rxe2 Bxe2 30. Bh3 a5 31. Bc8 Ba6 32. Kg2 Kg7 33. b3 Kf6 34. Kf3 Ke5 35. a3 Bd3 36. Ne1 Be4+ 37. Ke2 b5 38. b4 axb4 39. axb4 Be7 40. Nf3+ Bxf3+ 41. Kxf3 d4 0-1

[Event "Mislata op 50th"]
[Site "Mislata"]
[Date "2016.08.11"]
[Round "6"]
[White "Torrijos Garcia, Borja"]
[Black "Morello Ostos, Domingo"]
[Result "0-1"]
[WhiteElo "1916"]
[BlackElo "1956"]
[PlyCount "70"]
[EventDate "2016.08.08"]
[EventType "swiss"]
[EventRounds "9"]
[EventCountry "ESP"]
[SourceTitle "EXT 2017"]
[Source "ChessBase"]
[SourceDate "2016.10.25"]
[SourceVersion "1"]
[SourceVersionDate "2016.10.25"]
[SourceQuality "1"]

1. c4 g6 2. g3 Bg7 3. Bg2 d6 4. Nc3 e5 5. d3 f5 6. e3 Nf6 7. Nge2 0-0 8. 0-0 c6 9. Rb1 Be6 10. f4 a5 11. a3 Nfd7 12. Qc2 g5 13. b4 axb4 14. axb4 h5 15. Kh1 g4 16. b5 h4 17. Kg1 e4 18. Rd1 Nb6 19. dxe4 Nxc4 20. Nd4 Qd7 21. exf5 Bxf5 22. e4 Bg6 23. f5 Bf7 24. gxh4 Na3 25. Bxa3 Rxa3 26. Kh1 Qe7 27. Nce2 Qxh4 28. Nf4 Be5 29. Nde2 Ra2 30. Qd3 Rxe2 31. Qxe2 Bxf4 32. Bf1 g3 33. h3 Bh5 34. Qc4+ Kh8 35. Qc3+ Be5 0-1

[Event "Rutas de Cuenca op 3rd"]
[Site "Cuenca"]
[Date "2016.06.19"]
[Round "6"]
[White "Aymerich Rosell, Pablo"]
[Black "Morello Ostos, Domingo"]
[Result "1-0"]
[WhiteElo "2173"]
[BlackElo "1959"]
[PlyCount "55"]
[EventDate "2016.06.17"]
[EventType "swiss"]
[EventRounds "7"]
[EventCountry "ESP"]
[SourceTitle "EXT 2019"]
[Source "ChessBase"]
[SourceDate "2018.10.10"]
[SourceVersion "1"]
[SourceVersionDate "2018.10.10"]
[SourceQuality "1"]

1. d4 Nf6 2. c4 e6 3. Nc3 c5 4. d5 exd5 5. cxd5 d6 6. Nf3 g6 7. Bf4 Bg7 8. Qa4+ Bd7 9. Qb3 Qc7 10. e4 Nh5 11. Be3 0-0 12. Be2 Re8 13. Nd2 Nf6 14. 0-0 Na6 15. h3 Rab8 16. Bf4 b5 17. f3 c4 18. Qd1 Qc5+ 19. Kh1 Nh5 20. Bh2 b4 21. Na4 Qa5 22. Nxc4 Qxa4 23. Qxa4 Bxa4 24. g4 Nf6 25. Nxd6 Nxd5 26. Nxe8 Ne3 27. Bxb8 Nxb8 28. Nxg7 1-0

[Event "Xabia op 1st"]
[Site "Xabia"]
[Date "2015.04.25"]
[Round "4"]
[White "Morello Ostos, Domingo"]
[Black "Del Valle Domenech, Rafael"]
[Result "0-1"]
[WhiteElo "2007"]
[BlackElo "2040"]
[PlyCount "73"]
[EventDate "2015.04.24"]
[EventType "swiss"]
[EventRounds "7"]
[EventCountry "ESP"]
[SourceTitle "EXT 2019"]
[Source "ChessBase"]
[SourceDate "2018.10.10"]
[SourceVersion "1"]
[SourceVersionDate "2018.10.10"]
[SourceQuality "1"]

1. e4 Nf6 2. e5 Nd5 3. c4 Nb6 4. d4 d6 5. exd6 cxd6 6. a4 a5 7. c5 dxc5 8. Bb5+ Nc6 9. Bxc6+ bxc6 10. Qf3 cxd4 11. Qxc6+ Bd7 12. Qe4 Rc8 13. Nd2 Bc6 14. Qg4 e5 15. Ngf3 f6 16. 0-0 Qd7 17. Qh5+ g6 18. Qh4 Bg7 19. Re1 0-0 20. Ne4 Bxe4 21. Rxe4 Nxa4 22. Bh6 Nxb2 23. Rxa5 Ra8 24. Rxa8 Rxa8 25. Re1 Nd3 26. Qe4 Ra3 27. Bxg7 Nxe1 28. Bxf6 Ra1 29. Nxe1 Qc6 30. Qxe5 Qxf6 31. Qe8+ Qf8 32. Qe6+ Qf7 33. Qe5 Rb1 34. f3 d3 35. Qe3 Qd7 36. Qd2 Qd4+ 37. Kf1 0-1

[Event "Xabia op 1st"]
[Site "Xabia"]
[Date "2015.04.24"]
[Round "2"]
[White "Morello Ostos, Domingo"]
[Black "Uran Bermudez, Oliver Kevin"]
[Result "1-0"]
[WhiteElo "2007"]
[BlackElo "2174"]
[PlyCount "69"]
[EventDate "2015.04.24"]
[EventType "swiss"]
[EventRounds "7"]
[EventCountry "ESP"]
[SourceTitle "EXT 2019"]
[Source "ChessBase"]
[SourceDate "2018.10.10"]
[SourceVersion "1"]
[SourceVersionDate "2018.10.10"]
[SourceQuality "1"]

1. e4 e5 2. Nf3 Nc6 3. d4 exd4 4. Bc4 Nf6 5. e5 d5 6. Bb5 Ne4 7. Nxd4 Bd7 8. Bxc6 bxc6 9. 0-0 Bc5 10. f3 Ng5 11. f4 Ne6 12. Be3 Qh4 13. c3 g6 14. Nd2 f5 15. Kh1 Be7 16. N2b3 0-0 17. Nxe6 Bxe6 18. Nc5 Bxc5 19. Bxc5 Rfe8 20. Qd4 a6 21. Rf3 Qd8 22. Raf1 Qd7 23. Rh3 Reb8 24. b3 Kh8 25. Rff3 Rg8 26. Rh6 Rg7 27. Qf2 Rag8 28. Rfh3 Qd8 29. Qe2 Qc8 30. Bf2 Re8 31. Bh4 Rf7 32. Bf6+ Kg8 33. Rxg6+ Kf8 34. Qh5 Ree7 35. Qh6+ 1-0

[Event "Alzira op"]
[Site "Alzira"]
[Date "2014.08.26"]
[Round "8"]
[White "Morello Ostos, Domingo"]
[Black "Raimundo Medina, Fermin"]
[Result "1-0"]
[WhiteElo "1977"]
[BlackElo "1764"]
[PlyCount "79"]
[EventDate "2014.08.22"]
[EventType "swiss"]
[EventRounds "9"]
[EventCountry "ESP"]
[SourceTitle "EXT 2016"]
[Source "ChessBase"]
[SourceDate "2015.10.08"]
[SourceVersion "1"]
[SourceVersionDate "2015.10.08"]
[SourceQuality "1"]

1. e4 c6 2. d3 d5 3. Nd2 e5 4. g3 Bd6 5. Bg2 Nf6 6. Ngf3 Qc7 7. 0-0 0-0 8. Re1 Nbd7 9. Nh4 Re8 10. c3 dxe4 11. dxe4 b5 12. Nf1 a5 13. g4 h6 14. Nf5 Bf8 15. h4 Nh7 16. g5 hxg5 17. hxg5 Re6 18. Qh5 Rg6 19. Nh4 Qd6 20. Nxg6 fxg6 21. Qh4 Nc5 22. Nh2 Be7 23. Be3 Ne6 24. Rad1 Qc7 25. Nf3 b4 26. Qg3 Bd6 27. Rxd6 Qxd6 28. Qxe5 Qxe5 29. Nxe5 Nhxg5 30. f4 Nf7 31. Nxc6 Bb7 32. e5 Kf8 33. cxb4 axb4 34. Nxb4 Bxg2 35. Kxg2 Nh6 36. Kf3 Nf5 37. Bf2 Rd8 38. Re4 Rd2 39. b3 Nc5 40. Re2 1-0

[Event "Benidorm op U2000 12th"]
[Site "Benidorm"]
[Date "2013.12.02"]
[Round "5"]
[White "Hall, Rachid"]
[Black "Morello Ostos, Domingo"]
[Result "1-0"]
[WhiteElo "1973"]
[BlackElo "1998"]
[PlyCount "83"]
[EventDate "2013.11.29"]
[EventType "swiss"]
[EventRounds "10"]
[EventCountry "ESP"]
[SourceTitle "CBM 157 Extra"]
[Source "ChessBase"]
[SourceDate "2013.12.19"]
[SourceVersion "1"]
[SourceVersionDate "2013.12.19"]
[SourceQuality "1"]

1. e4 c5 2. Nf3 Nc6 3. d4 cxd4 4. Nxd4 Nf6 5. Nc3 e5 6. Ndb5 d6 7. Bg5 a6 8. Na3 b5 9. Nd5 Be7 10. Be3 Nxd5 11. exd5 Nb8 12. Qd2 0-0 13. c4 f5 14. f3 bxc4 15. Nxc4 Nd7 16. b4 Bh4+ 17. g3 f4 18. Bf2 fxg3 19. hxg3 Bg5 20. Be3 Bxe3 21. Qxe3 Qf6 22. Qe4 g6 23. Be2 a5 24. Nxa5 Rxa5 25. bxa5 Nc5 26. Qh4 Qg7 27. Rb1 e4 28. f4 h5 29. Qg5 Bf5 30. 0-0 Qd4+ 31. Kh1 Qd2 32. Bxh5 Kg7 33. g4 e3 34. gxf5 Qxd5+ 35. Bf3 Qxf5 36. Qxf5 gxf5 37. a6 Nxa6 38. Rb6 Nc5 39. Rxd6 Rh8+ 40. Kg2 Rg8 41. Bd5 Re8 42. Kf3 1-0

[Event "Benidorm op U2000 12th"]
[Site "Benidorm"]
[Date "2013.12.01"]
[Round "3"]
[White "Kohler, Paul"]
[Black "Morello Ostos, Domingo"]
[Result "0-1"]
[WhiteElo "1935"]
[BlackElo "1998"]
[PlyCount "124"]
[EventDate "2013.11.29"]
[EventType "swiss"]
[EventRounds "10"]
[EventCountry "ESP"]
[SourceTitle "CBM 157 Extra"]
[Source "ChessBase"]
[SourceDate "2013.12.19"]
[SourceVersion "1"]
[SourceVersionDate "2013.12.19"]
[SourceQuality "1"]

1. Nf3 Nf6 2. c4 g6 3. d4 Bg7 4. Nc3 d6 5. g3 0-0 6. Bg2 c6 7. 0-0 Qa5 8. Qb3 Qh5 9. Ng5 h6 10. Bf3 Bg4 11. Bxg4 Nxg4 12. Nf3 b6 13. Kg2 g5 14. h4 gxh4 15. Rh1 Nd7 16. e4 f5 17. Rxh4 Qg6 18. exf5 Qxf5 19. Ne2 e5 20. dxe5 dxe5 21. Bf4 Nc5 22. Ned4 Nxb3 23. Nxf5 Rxf5 24. Rxg4 Nxa1 25. Bxh6 Rf7 26. Nxe5 Rb7 27. Nxc6 Kh7 28. Bg5 Re8 29. f4 Nc2 30. Rh4+ Kg6 31. Kf3 Rc7 32. Nd8 Rd7 33. Nc6 Rd3+ 34. Kf2 Bd4+ 35. Kg2 Ne3+ 36. Kh3 Rd1 37. Rh6+ Kg7 38. g4 Rh1+ 39. Kg3 Rxh6 40. Bxh6+ Kxh6 41. Nxd4 Re4 42. g5+ Kg6 43. Nf3 Nf1+ 44. Kg4 Ne3+ 45. Kg3 Nxc4 46. b3 Nd6 47. Ne5+ Kf5 48. g6 Rxe5 49. fxe5 Kxe5 50. Kf3 Kf6 51. g7 Kxg7 52. Ke3 Kf7 53. Kd4 Ke6 54. b4 Nb7 55. a4 Kd6 56. Kc4 a6 57. Kd4 Nd8 58. Kc4 Ne6 59. Kc3 Kd5 60. Kd3 b5 61. axb5 axb5 62. Kc3 Nf4 0-1

[Event "Benidorm op U2000 12th"]
[Site "Benidorm"]
[Date "2013.12.01"]
[Round "4"]
[White "Morello Ostos, Domingo"]
[Black "Busto Prendes, Abel"]
[Result "1-0"]
[WhiteElo "1998"]
[BlackElo "1954"]
[PlyCount "117"]
[EventDate "2013.11.29"]
[EventType "swiss"]
[EventRounds "10"]
[EventCountry "ESP"]
[SourceTitle "CBM 157 Extra"]
[Source "ChessBase"]
[SourceDate "2013.12.19"]
[SourceVersion "1"]
[SourceVersionDate "2013.12.19"]
[SourceQuality "1"]

1. e4 e6 2. d3 d5 3. Nd2 Nf6 4. Ngf3 Nc6 5. g3 dxe4 6. dxe4 e5 7. Bg2 Bc5 8. 0-0 0-0 9. Qe2 a5 10. Qb5 Qe7 11. Nb3 Bd6 12. Bg5 h6 13. Bxf6 Qxf6 14. c3 Be7 15. Nbd2 b6 16. Qa4 Ba6 17. Rfe1 Rfd8 18. Bf1 Bc5 19. Rad1 Bxf1 20. Rxf1 Rd3 21. Ne1 Rd7 22. Ndf3 Rxd1 23. Qxd1 Rd8 24. Nd2 Ra8 25. Ndf3 Rd8 26. Qe2 Qd6 27. Qc4 Na7 28. Qa6 Nc6 29. a3 Qe6 30. Nd3 Be7 31. Nc1 Qg4 32. Qe2 Qd7 33. Qc4 h5 34. b4 axb4 35. axb4 h4 36. b5 Na5 37. Qe2 hxg3 38. hxg3 Qe6 39. Kg2 Bf6 40. Nd2 Bg5 41. f4 exf4 42. gxf4 Bh6 43. f5 Rxd2 44. fxe6 Rxe2+ 45. Nxe2 fxe6 46. Nd4 Nc4 47. Ra1 Nd6 48. e5 Nc4 49. Nxe6 Nxe5 50. Nxc7 Bd2 51. Nd5 Nc4 52. Ra8+ Kh7 53. Rc8 Nd6 54. Rc6 Nxb5 55. c4 Na3 56. Nxb6 Ba5 57. Nd5 Nc2 58. Kg3 Kg8 59. Ra6 1-0

[Event "Benidorm op U2000 12th"]
[Site "Benidorm"]
[Date "2013.11.30"]
[Round "2"]
[White "Morello Ostos, Domingo"]
[Black "Diez Jover, Alberto"]
[Result "1-0"]
[WhiteElo "1998"]
[BlackElo "1890"]
[PlyCount "63"]
[EventDate "2013.11.29"]
[EventType "swiss"]
[EventRounds "10"]
[EventCountry "ESP"]
[SourceTitle "CBM 157 Extra"]
[Source "ChessBase"]
[SourceDate "2013.12.19"]
[SourceVersion "1"]
[SourceVersionDate "2013.12.19"]
[SourceQuality "1"]

1. e4 c5 2. Nf3 e6 3. d3 a6 4. g3 b5 5. Bg2 Bb7 6. 0-0 d6 7. Nbd2 Nc6 8. e5 d5 9. Re1 Nge7 10. h4 Qc7 11. c3 Ng6 12. Qe2 d4 13. h5 Nge7 14. Ne4 Nd5 15. c4 bxc4 16. dxc4 Ndb4 17. Rd1 Nxe5 18. Nxe5 Qxe5 19. Bf4 Qf5 20. a3 d3 21. Qe3 Nc6 22. Qxd3 Rd8 23. Qb3 Ba8 24. Nd6+ Bxd6 25. Rxd6 Rxd6 26. Bxd6 Kd7 27. Rd1 Nd4 28. Qb6 Ne2+ 29. Kf1 Bxg2+ 30. Kxg2 Qe4+ 31. f3 Qc6 32. Bxc5+ 1-0

[Event "Quart de Poblet Sub2300 1st"]
[Site "Quart de Poblet"]
[Date "2013.07.21"]
[Round "3.13"]
[White "Morello Ostos, Domingo"]
[Black "Fernandez Garcia, Olmo"]
[Result "1-0"]
[WhiteElo "2004"]
[BlackElo "1759"]
[PlyCount "103"]
[EventDate "2013.07.20"]
[EventType "swiss"]
[EventRounds "7"]
[EventCountry "ESP"]
[SourceTitle "EXT 2024"]
[Source "ChessBase"]
[SourceDate "2023.10.10"]
[SourceVersion "1"]
[SourceVersionDate "2023.10.10"]
[SourceQuality "1"]

1. Nf3 d5 2. g3 c6 3. Bg2 Nf6 4. d3 Nbd7 5. Nc3 e5 6. e4 d4 7. Ne2 Bc5 8. 0-0 0-0 9. Nd2 Re8 10. f4 exf4 11. gxf4 Ng4 12. Nf3 Ndf6 13. h3 Ne3 14. Bxe3 dxe3 15. e5 Nd5 16. d4 Bb6 17. c4 Ne7 18. Qd3 Nf5 19. Rad1 Qe7 20. Ng5 Rd8 21. d5 h6 22. d6 Qe8 23. Ne4 a6 24. c5 Ba7 25. Kh2 Be6 26. Rg1 Kh8 27. b4 Qd7 28. Nd4 Rab8 29. Nxf5 Bxf5 30. Qxe3 b6 31. Ng3 bxc5 32. Nxf5 Qxf5 33. Be4 Qd7 34. Qg3 Rg8 35. bxc5 Rb2+ 36. Rg2 Rxg2+ 37. Qxg2 Bxc5 38. Bxc6 Qd8 39. Bd5 Qd7 40. Rb1 Qf5 41. Qe4 Qxe4 42. Bxe4 Be3 43. Kg3 g5 44. fxg5 Bxg5 45. Kf3 Bd8 46. Rb7 Rf8 47. Bd5 Kg8 48. Ke4 h5 49. Kf5 h4 50. Rxf7 Rxf7+ 51. Kg6 Kf8 52. Bxf7 1-0

[Event "Cullera op-A"]
[Site "Cullera"]
[Date "2006.07.26"]
[Round "7"]
[White "Morello Ostos, Domingo"]
[Black "Moreno Carrascosa, Bartolome"]
[Result "1/2-1/2"]
[WhiteElo "2044"]
[BlackElo "2196"]
[PlyCount "46"]
[EventDate "2006.07.20"]
[EventType "swiss"]
[EventRounds "9"]
[EventCountry "ESP"]
[SourceTitle "EXT 2007"]
[Source "ChessBase"]
[SourceDate "2006.11.23"]
[SourceVersion "1"]
[SourceVersionDate "2006.11.23"]
[SourceQuality "1"]

1. Nf3 d6 2. d4 Nd7 3. e4 e5 4. Bc4 Be7 5. dxe5 Nxe5 6. Nxe5 dxe5 7. Qh5 g6 8. Qxe5 Nf6 9. Bg5 0-0 10. Nc3 Re8 11. Rd1 Nd7 12. Bxe7 Nxe5 13. Rxd8 Rxd8 14. Bxd8 Nxc4 15. b3 Na3 16. Kd2 c6 17. Be7 Nb5 18. Nxb5 cxb5 19. Ke3 f5 20. e5 Kf7 21. Bf6 Be6 22. h4 Rc8 23. Rc1 a5 1/2-1/2

[Event "Silla op 4th"]
[Site "Silla"]
[Date "2003.12.24"]
[Round "5"]
[White "Morello Ostos, Domingo"]
[Black "Jordan Arenas, Manuel"]
[Result "0-1"]
[WhiteElo "1858"]
[BlackElo "2142"]
[PlyCount "110"]
[EventDate "2003.12.19"]
[EventType "swiss"]
[EventRounds "7"]
[EventCountry "ESP"]
[SourceTitle "CBM 097 Extra"]
[Source "ChessBase"]
[SourceDate "2004.01.13"]
[SourceVersion "1"]
[SourceVersionDate "2004.01.13"]
[SourceQuality "1"]

1. e4 c5 2. Nf3 Nc6 3. d4 cxd4 4. Nxd4 g6 5. Nc3 Bg7 6. Be3 Nf6 7. Bc4 0-0 8. Bb3 a5 9. f3 d5 10. Bxd5 Nxd5 11. exd5 Nb4 12. Nde2 Bf5 13. Rc1 Rc8 14. a3 Nxc2+ 15. Rxc2 Bxc2 16. Qxc2 Qxd5 17. 0-0 b5 18. Qxg6 hxg6 19. Nxd5 Rc2 20. Nxe7+ Kh7 21. Nd4 Rxb2 22. Ndc6 Re8 23. Rc1 Rb3 24. Bc5 Bb2 25. Nxa5 Rxf3 26. Rc2 Rc3 27. Rxc3 Bxc3 28. Nac6 Bb2 29. Na7 Rb8 30. Kf2 Rb7 31. Nec6 Kg7 32. Ke3 f5 33. Bd4+ Bxd4+ 34. Kxd4 Rd7+ 35. Kc5 Rd1 36. Nd4 Rg1 37. Nf3 Rxg2 38. Nxb5 g5 39. a4 g4 40. Nh4 Rf2 41. a5 f4 42. a6 Rxh2 43. a7 Ra2 44. Kd4 Kf6 45. Ke4 Kg5 46. Nf5 g3 47. Nc7 g2 48. Ne6+ Kf6 49. Nxf4 g1Q 50. Nd5+ Kg5 51. Nde3 Rxa7 52. Kf3 Ra3 53. Ke4 Qe1 54. Kf3 Qd2 55. Ke4 Qd3+ 0-1